000 00209nam a22000857a 4500
008 160628b xxu||||| |||| 00| 0 eng d
100 _91279
_aFreitas, F.C
245 _aBapu
260 _aN.D
_bNational Book Trust
_c2003
999 _c1046
_d1046